La propiedad privada constitucional: una teoría
Guardat en:
| Autor principal: | |
|---|---|
| Format: | Desconegut |
| Idioma: | anglès |
| Publicat: |
Madrid
Marcial Pons
2019
|
| Edició: | Primera edición |
| Col·lecció: | Colección Administración Pública y Derecho
|
| Matèries: | |
| Etiquetes: |
Afegir etiqueta
Sense etiquetes, Sigues el primer a etiquetar aquest registre!
|
MARC
| LEADER | 00000 a2200000 4500 | ||
|---|---|---|---|
| 003 | CL-VaPUC | ||
| 005 | 20220118074208.0 | ||
| 008 | 200102b ||||| |||| 00| 0 eng d | ||
| 020 | |a 9788491236405 | ||
| 040 | |c Pontificia Universidad Católica de Valparaíso | ||
| 100 | |a Santaella Quintero, Héctor |9 418 | ||
| 245 | 1 | 3 | |a La propiedad privada constitucional: |b una teoría |
| 250 | |a Primera edición | ||
| 260 | |b Marcial Pons |c 2019 |a Madrid | ||
| 300 | |a 369 p | ||
| 490 | 0 | |a Colección Administración Pública y Derecho | |
| 505 | 0 | |a Capítulo primero. La constitucionalización de la propiedad privada. Capítulo segundo. La configuración de la propiedad como derecho en la Constitución. Capítulo tercero. El objeto y los tipos de propiedad privada en la Constitución. Bibliografía | |
| 583 | |k Hugo Gaete |c 20200102 | ||
| 650 | 0 | 0 | |a Derecho constitucional |9 222588 |
| 650 | 0 | 0 | |a Propiedad privada |9 257919 |
| 942 | |2 ddc |c BK | ||
| 999 | |c 375990 |d 375988 | ||
| 952 | |0 0 |1 0 |3 erb |4 0 |6 346_040000000000000_SAN_2019 |7 0 |8 A |9 494591 |a BIBDER |b BIBDER |i 5561957 |o 346.04 SAN 2019 |p 5561957 |r 2023-01-25 |w 2019-11-24 |y BK |z Catalogado en:20190927 |k DER | ||
| 952 | |0 0 |1 0 |2 ddc |4 0 |6 346_040000000000000_SAN_2019 |7 0 |8 A |9 495200 |a BIBDER |b BIBDER |d 2019-12-26 |e 36 |g 30368.00 |i 5570883 |o 346.04 SAN 2019 |p 5570883 |r 2023-01-25 |t 1 |v 30368.00 |w 2019-12-26 |y BK |k DER | ||